000 00396nam a2200157Ia 4500
003 Ost
005 20260225132555.0
008 260225s9999||||xx |||||||||||||| ||und||
040 _cfsic
041 _afre
082 _a440
100 _aDevillard Valérie
_eAuteur
245 0 _aLes Journalistes français à l'aube de l'an 2000 :
245 0 _bprofils /
_cDevillard Valérie
942 _cكتاب
999 _c34367
_d34367